000 00380nam a2200133Ia 4500
008 151213s9999 xx 000 0 und d
100 _aGearge M. Riderour
245 _aShelly a Collection of Critical Essays
_cGearge M. Riderour
260 _aEnglewood Cliffs N. J.
_bPrentice Hall
_c1965
300 _a1880 p.
650 _aEnglish
700 _aGearge M. Riderour
999 _c1385
_d1385